| 000 | 01250cam a22002414a 4500 | ||
|---|---|---|---|
| 005 | 20250605164053.0 | ||
| 008 | 250528s ||||||||||||||||||||||||d | ||
| 035 | _a17358 | ||
| 020 | _a9602094680 | ||
| 040 |
_aGR-AtMCL _bgre _dGR-AtMCL _eAACR2 |
||
| 245 | 1 | _aΑρχές του Μάρκετινγκ / Ειδικά Γραμμένο για την Ευρωπαική Παραγματικότητα. Με Παραδείγματα και Υποδειγματικά Θέματα από τον Κόσμο των Ευρωπαικών Επιχειρήσεων. Δεύτερη Ευρωπαική Έκδοση. | |
| 250 | _a2η | ||
| 260 |
_bΚλειδάριθμος, _c1996 |
||
| 300 | _a1146 | ||
| 520 | _aΤο πιο πλήρες και το πιο σύγχρονο εισαγωγικό εγχειρίδιο του Μάρκετινγκ. Το Μάρκετινγκ και η Διαδικασία του Μάρκετινγκ, Το Μάρκετινγκ στην Πράξη, Θεμελιώδης Στρατηγική, Προιόν, Τιμή, Τόπος. | ||
| 700 | 1 |
_aArmstrong Gary _92168 |
|
| 700 | 1 |
_aKotler Philip _91146 |
|
| 700 | 1 |
_aSaunders John _93510 |
|
| 700 | 1 |
_aWong Veronica _93511 |
|
| 942 | _cBK | ||
| 999 |
_c2783 _d2783 |
||